000 01495nam0a2200325 4500
001 RU\NLR\bibl\514849
005 20250609143443.0
010 _a5-94635-160-5
021 _aRU
_b2004-13563
_9696
035 _a(NLR Aleph) 000507299
090 _a1211005
_c1211005
100 _a20040423d2003 |||y0rusy50 ca
101 0 _arus
102 _aRU
105 _aa |||||||||
200 1 _aСоставление тестовых заданий по математике
_eУчеб. пособие
_fП.В. Чулков, Т.Г. Михалева
_gЦентр тестирования М-ва образования Рос. Федерации
210 _aМ.
_cЦентр тестирования Минобразования России
_d2003
215 _a84 с.
_cчерт.
_d21
320 _aБиблиогр.: с. 82-83 (12 назв.)
606 0 _aМатематика
_jРуководства, пособия и т.п.
_xЗнания
_xОценка
_xТесты
_91579046
_3RU\NLR\auth\66692757
606 0 _aМатематика
_jУчебные издания
_xЗнания
_xОценка
_xТесты
_91579046
_3RU\NLR\auth\66692757
686 _aЧ426.24-284
700 1 _aЧулков
_bП. В.
_gПавел Викторович
_4070
701 1 _aМихалева
_bТ. Г.
_gТатьяна Григорьевна
_4070
801 0 _aRU
_bNLR
_c20040423
_gPSBO
801 1 _aRU
_bNLR
_c20040423
830 _aАвт. по кн.
942 _cBOOK
980 _aNB